El patrimonio edificado de Cuenca : fotogrametría arquitectural. Registro gráfico no. 2 /

Bibliographic Details
Other Authors: Ochoa Arias, Paúl (Editor)
Format: Electronic eBook
Language:Spanish
Published: Cuenca, Ecuador : Universidad del Azuay, [2017]
Subjects:
Online Access:Digitalia Hispánica

MARC

LEADER 00000nam a2200000 i 4500
001 DIGUAZUAY0006
003 NyNyDIG
007 cr |||||||||||
008 240219s2017 ec aeo ob 000 0 spa d
006 m o d
035 |a (OCoLC)1423251207 
040 |a DGITA  |b eng  |e rda  |e pn  |c DGITA 
020 |a 9789978325735  |q eBook 
020 |z 9789978325728 
043 |a s-ec--- 
050 1 4 |a N7936.C84 ebook  
245 0 3 |a El patrimonio edificado de Cuenca :  |b fotogrametría arquitectural.  |n Registro gráfico no. 2 /  |c director, Paúl Ochoa Arias. 
246 1 4 |a Patrimonio edificado de Cuenca 2 
264 1 |a Cuenca, Ecuador :  |b Universidad del Azuay,  |c [2017] 
300 |a 1 online resource :  |b color illustrations, color photographs, plans. 
336 |a text  |b txt  |2 rdacontent 
337 |a computer  |b c  |2 rdamedia 
338 |a online resource  |b cr  |2 rdacarrier 
347 |a text file  |2 rdaft 
347 |b PDF 
500 |a "Proyecto de Investigación Científica, Desarrollo e Innovación Tecnológica del Decanato General de Investigaciones de la Universidad el Azuay: Registro Gráfico del Patrimonio Edificado de la Ciudad de Cuenca por medio de Fotogrametría Arquitectural (Parte 2)". 
504 |a Includes bibliographical references. 
588 0 |a Online resource; title from PDF title page (Digitalia, viewed February 19, 2024) 
650 0 |a Historic buildings  |z Ecuador  |z Cuenca  |v Pictorial works. 
651 0 |a Cuenca (Ecuador)  |x Buildings, structures, etc. 
700 1 |a Ochoa Arias, Paúl,  |e editor. 
791 2 |a Digitalia (Firm),  |e distributor. 
793 0 |g Digitalia eBook Collection:  |a Universidad del Azuay 
776 0 8 |i Print version:  |t Patrimonio edificado de Cuenca : fotogrametría arquitectural. Registro gráfico no. 2.  |d Cuenca, Ecuador : Universidad del Azuay, [2017]  |z 9789978325728 
856 4 0 |3 Digitalia Hispánica  |u https://www.digitaliapublishing.com/a/133389/ 
910 |a Premium collection: 2024